[Event "ChessKid Cup Div 2 W"]
[Site "chess.com INT"]
[Date "2023.05.23"]
[Round "2.1"]
[White "Anton Guijarro, David"]
[Black "Fedoseev, Vladimir3"]
[Result "1-0"]
[WhiteTitle "GM"]
[BlackTitle "GM"]
[WhiteElo "2690"]
[BlackElo "2680"]
[WhiteFideId "2285525"]
[BlackFideId "24130737"]
[EventDate "2023.05.22"]
[EventType "k.o."]

1. e4 e5 2. Nf3 Nf6 3. Nxe5 d6 4. Nf3 Nxe4 5. d4 d5 6. Bd3 Bd6 7. O-O O-O 8. c4
c6 9. Nc3 Nxc3 10. bxc3 h6 11. c5 Bc7 12. Re1 Re8 13. Rxe8+ Qxe8 14. Be3 Bg4 15.
h3 Bh5 16. g4 Bg6 17. Nh4 Bxd3 18. Qxd3 Nd7 19. Nf5 Nf6 20. f3 g6 21. Nxh6+ Kg7
22. Re1 Qd7 23. Bg5 Re8 24. Rxe8 Qxe8 25. Qd2 Nh7 26. Be3 Qe7 27. g5 Qe6 28. Kg2
Nf8 29. Qd3 Qe7 30. h4 Ne6 31. Qd2 f5 32. f4 Nf8 33. Qd3 b5 34. cxb6 axb6 35. a4
Ne6 36. Kf3 Qd6 37. Qxf5 gxf5 38. Nxf5+ Kf7 39. Nxd6+ Bxd6 40. f5 Nc7 41. Bf4
Ne8 42. h5 c5 43. h6 Bxf4 44. Kxf4 Nd6 45. g6+ Kg8 46. f6 1-0

[Event "ChessKid Cup Div 2 W"]
[Site "chess.com INT"]
[Date "2023.05.23"]
[Round "2.2"]
[White "Fedoseev, Vladimir3"]
[Black "Anton Guijarro, David"]
[Result "1-0"]
[WhiteTitle "GM"]
[BlackTitle "GM"]
[WhiteElo "2680"]
[BlackElo "2690"]
[WhiteFideId "24130737"]
[BlackFideId "2285525"]
[EventDate "2023.05.22"]
[EventType "k.o."]

1. d4 d5 2. c4 e6 3. Nc3 Nf6 4. cxd5 exd5 5. Bg5 c6 6. e3 h6 7. Bh4 Bf5 8. Qf3
Bh7 9. Bxf6 Qxf6 10. Qxf6 gxf6 11. Nf3 Nd7 12. O-O-O Nb6 13. Nh4 Kd7 14. Bd3
Bxd3 15. Rxd3 Bb4 16. Ne2 h5 17. Rb3 Bd6 18. Nf5 Bf8 19. Nf4 Kc7 20. h4 Bd6 21.
Nxd6 Kxd6 22. Rh3 Rag8 23. Rf3 Kc7 24. Rc3 Kb8 25. g3 Rh6 26. Nd3 Nc8 27. Nc5
Rd8 28. Rf4 Nd6 29. a4 Kc7 30. b4 b6 31. Nd3 Kd7 32. Kd1 Ra8 33. a5 Kc7 34. Ra3
Kb7 35. Ke2 Re8 36. Ra2 Nb5 37. Kf1 Nd6 38. Kg2 Rg6 39. Rf3 Rh6 40. Nf4 Nb5 41.
Rc2 Rd8 42. Ne2 Rc8 43. Ra2 Rd8 44. Rf4 Rc8 45. e4 dxe4 46. Rxe4 Nd6 47. Re7+
Rc7 48. Rxc7+ Kxc7 49. Nf4 Nb5 50. d5 cxd5 51. Nxd5+ Kc6 52. axb6 axb6 53. Nf4
Nd4 54. Ra7 Ne6 55. Kf3 Nc7 56. Ke4 Nb5 57. Ra1 Nd6+ 58. Kd4 Nf5+ 59. Kd3 Rh8
60. Ra7 Nd6 61. Re7 Rh7 62. Kc3 Nf5 63. Re2 Nd6 64. Kb3 f5 65. Rc2+ Kb7 66. Nd5
Nb5 67. Ka4 Ka6 68. Rc6 Nd4 69. Rxb6+ Ka7 70. Rf6 1-0

[Event "ChessKid Cup Div 2 W"]
[Site "chess.com INT"]
[Date "2023.05.23"]
[Round "2.3"]
[White "Anton Guijarro, David"]
[Black "Fedoseev, Vladimir3"]
[Result "1/2-1/2"]
[WhiteTitle "GM"]
[BlackTitle "GM"]
[WhiteElo "2690"]
[BlackElo "2680"]
[WhiteFideId "2285525"]
[BlackFideId "24130737"]
[EventDate "2023.05.22"]
[EventType "k.o."]

1. e4 e5 2. Nf3 Nf6 3. Nxe5 d6 4. Nf3 Nxe4 5. d4 d5 6. Bd3 Be7 7. O-O Bf5 8. Re1
O-O 9. Nbd2 Nd6 10. Nf1 Bxd3 11. Qxd3 c6 12. Bf4 Na6 13. h4 Re8 14. h5 Nc7 15.
Ne3 Ne6 16. Bxd6 Bxd6 17. g3 Ng5 18. Qf5 Ne4 19. c4 Bb4 20. Re2 Nd6 21. Qd3 dxc4
22. Nxc4 Rxe2 23. Qxe2 Qe8 24. Qd3 Qe4 25. Qxe4 Nxe4 26. a3 Bf8 27. Na5 Rb8 28.
Ne5 Nf6 29. g4 Bd6 30. f3 Bc7 31. b4 h6 32. Kf2 Nd5 33. Rc1 Nf4 34. Ke3 Ne6 35.
Rc4 c5 36. d5 Bxe5 37. dxe6 Bc7 38. Nb3 b5 39. Re4 cxb4 40. axb4 Bb6+ 41. Ke2
fxe6 42. Rxe6 Rc8 43. Kd3 Rd8+ 44. Ke2 Rc8 45. Kd3 Rd8+ 46. Ke2 Rc8 1/2-1/2

[Event "ChessKid Cup Div 2 W"]
[Site "chess.com INT"]
[Date "2023.05.23"]
[Round "2.4"]
[White "Fedoseev, Vladimir3"]
[Black "Anton Guijarro, David"]
[Result "1-0"]
[WhiteTitle "GM"]
[BlackTitle "GM"]
[WhiteElo "2680"]
[BlackElo "2690"]
[WhiteFideId "24130737"]
[BlackFideId "2285525"]
[EventDate "2023.05.22"]
[EventType "k.o."]

1. d4 Nf6 2. c4 e6 3. Nf3 d5 4. e3 Be7 5. Nc3 O-O 6. a3 c6 7. Bd3 dxc4 8. Bxc4
c5 9. O-O a6 10. dxc5 Bxc5 11. b4 Bd6 12. Bd3 Qe7 13. Bb2 Rd8 14. Qc2 Nbd7 15.
Rfd1 a5 16. Nb5 Bb8 17. bxa5 e5 18. Bc4 e4 19. Ng5 Rf8 20. Bxf7+ Kh8 21. Be6 Ra6
22. Nd4 Nc5 23. Bxc8 Rxc8 24. Nf5 Qc7 25. Be5 Qxa5 26. Ne7 Rf8 27. Bxb8 Nd3 28.
Nf7+ 1-0

[Event "ChessKid Cup Div 2 W"]
[Site "chess.com INT"]
[Date "2023.05.23"]
[Round "2.2"]
[White "Alekseenko, Kirill"]
[Black "Sadhwani, Raunak"]
[Result "0-1"]
[WhiteTitle "GM"]
[BlackTitle "GM"]
[WhiteElo "2686"]
[BlackElo "2627"]
[WhiteFideId "4135539"]
[BlackFideId "35093487"]
[EventDate "2023.05.22"]
[EventType "k.o."]

1. e4 c5 2. Nf3 e6 3. d4 cxd4 4. Nxd4 Nc6 5. Nc3 a6 6. a3 Qc7 7. Be3 b5 8. Nxc6
Qxc6 9. Qd4 Bb7 10. Be2 Rc8 11. O-O Nf6 12. f3 Bc5 13. Qxc5 Qxc5 14. Bxc5 Rxc5
15. Rad1 Ke7 16. Kf2 g5 17. Ke3 Rhc8 18. Rd2 Re5 19. Kd4 d6 20. Bd3 Rec5 21. Ne2
g4 22. f4 Bxe4 23. Nc3 Bxd3 24. cxd3 a5 25. g3 b4 26. axb4 axb4 27. Ne4 Rc2 28.
Rff2 b3 29. Nc3 R8xc3 0-1

[Event "ChessKid Cup Div 2 W"]
[Site "chess.com INT"]
[Date "2023.05.23"]
[Round "2.3"]
[White "Sadhwani, Raunak"]
[Black "Alekseenko, Kirill"]
[Result "1-0"]
[WhiteTitle "GM"]
[BlackTitle "GM"]
[WhiteElo "2627"]
[BlackElo "2686"]
[WhiteFideId "35093487"]
[BlackFideId "4135539"]
[EventDate "2023.05.22"]
[EventType "k.o."]

1. e4 e5 2. Nf3 Nc6 3. Bc4 Nf6 4. d3 Bc5 5. O-O d6 6. Re1 h6 7. c3 Bb6 8. Nbd2
O-O 9. h3 Ne7 10. d4 Nc6 11. dxe5 dxe5 12. Bb5 Qe7 13. a4 Be6 14. Qe2 Nh5 15.
Nc4 Bxc4 16. Bxc4 a5 17. Kh2 Rad8 18. g3 Qf6 19. Kg2 Ne7 20. Nh2 Ng6 21. Ng4 Qc6
22. Bb5 Qc5 23. Be3 Qe7 24. Nxh6+ gxh6 25. Qxh5 Bxe3 26. Rxe3 Rd2 27. Re2 Rfd8
28. Qxh6 R2d6 29. Qe3 Qe6 30. Rc2 c6 31. Be2 Qb3 32. Qc1 Kg7 33. Ra3 Qb6 34. b4
axb4 35. Rb3 Rf6 36. Bh5 c5 37. Bxg6 Rxg6 38. cxb4 cxb4 39. Rcb2 Rd4 40. Qe1 Qa5
41. h4 Rb6 42. Qe3 Kf8 43. Rc2 Qxa4 44. Rc8+ Ke7 45. Qg5+ Kd7 46. Qd8+ Ke6 47.
Qxb6+ 1-0

[Event "ChessKid Cup Div 2 W"]
[Site "chess.com INT"]
[Date "2023.05.23"]
[Round "2.4"]
[White "Alekseenko, Kirill"]
[Black "Sadhwani, Raunak"]
[Result "0-1"]
[WhiteTitle "GM"]
[BlackTitle "GM"]
[WhiteElo "2686"]
[BlackElo "2627"]
[WhiteFideId "4135539"]
[BlackFideId "35093487"]
[EventDate "2023.05.22"]
[EventType "k.o."]

1. d4 Nf6 2. Nc3 d5 3. Bf4 c5 4. e3 cxd4 5. exd4 Bg4 6. f3 Bd7 7. Bd3 Nc6 8.
Nge2 Qb6 9. Qd2 Nb4 10. O-O e6 11. Kh1 Rc8 12. Be5 Be7 13. Rae1 O-O 14. f4 Nxd3
15. cxd3 Ng4 16. f5 Bh4 17. f6 Bxf6 18. Bxf6 Nxf6 19. Rxf6 gxf6 20. Rf1 Kh8 21.
Rxf6 Rg8 22. Rxf7 Rg7 23. Rxg7 Kxg7 24. h3 Qd8 25. Ng1 Qf6 26. Nf3 Rf8 27. Ne2
Qh6 28. Qb4 Rxf3 29. gxf3 Qxh3+ 30. Kg1 Qxf3 31. Nc3 Qg3+ 32. Kf1 Qxd3+ 33. Ke1
Qe3+ 34. Ne2 Be8 35. Qxb7+ Kf6 36. Qxh7 Bb5 37. Qh4+ Kf5 38. Qh7+ Kf6 39. Qh4+
Kf5 40. Qh5+ Kf6 41. b4 Bxe2 42. Qxe2 Qxd4 43. b5 Qe5 44. a4 Qxe2+ 45. Kxe2 Ke5 0-1

[Event "ChessKid Cup Div 2 W"]
[Site "chess.com INT"]
[Date "2023.05.24"]
[Round "3.1"]
[White "Nguyen, Ngoc Truong Son"]
[Black "Oparin, Grigoriy"]
[Result "1-0"]
[WhiteTitle "GM"]
[BlackTitle "GM"]
[WhiteElo "2645"]
[BlackElo "2667"]
[WhiteFideId "12401110"]
[BlackFideId "24125890"]
[EventDate "2023.05.22"]
[EventType "k.o."]

1. d4 Nf6 2. Nf3 d5 3. c4 e6 4. g3 Be7 5. Bg2 O-O 6. O-O dxc4 7. Qc2 a6 8. a4
Bd7 9. Qxc4 Bc6 10. Bg5 Nbd7 11. e3 h6 12. Bxf6 Nxf6 13. Nbd2 Rc8 14. Rfc1 Qe8
15. Qb3 Bd5 16. Qd3 Bc6 17. b3 b5 18. Ne5 Bxg2 19. Kxg2 c5 20. axb5 axb5 21.
Ndf3 Rc7 22. dxc5 Bxc5 23. Ra5 Bb6 24. Rxc7 Bxc7 25. Rxb5 Qa8 26. Nd7 Nxd7 27.
Qxd7 Bd8 28. Rb7 Bf6 29. b4 g5 30. h3 h5 31. Nd2 Qa1 32. Ne4 Qe5 33. Qc6 Kg7 34.
Nc5 Ra8 35. Nxe6+ Kg6 36. Rb5 Rc8 37. Qxc8 Qxb5 38. Qg8+ Kf5 39. Nc5 Qxb4 40.
Qh7+ Ke5 41. Nd3+ 1-0

[Event "ChessKid Cup Div 2 W"]
[Site "chess.com INT"]
[Date "2023.05.24"]
[Round "3.2"]
[White "Oparin, Grigoriy"]
[Black "Nguyen, Ngoc Truong Son"]
[Result "1-0"]
[WhiteTitle "GM"]
[BlackTitle "GM"]
[WhiteElo "2667"]
[BlackElo "2645"]
[WhiteFideId "24125890"]
[BlackFideId "12401110"]
[EventDate "2023.05.22"]
[EventType "k.o."]

1. e4 e5 2. Nf3 Nf6 3. d4 Nxe4 4. Bd3 d5 5. Nxe5 Nd7 6. Nc3 Nxe5 7. dxe5 Nxc3 8.
bxc3 Bc5 9. O-O O-O 10. Rb1 c6 11. Re1 Qh4 12. Be3 b6 13. h3 Be6 14. Qf3 Rad8
15. Bxc5 bxc5 16. Rb7 Qg5 17. c4 dxc4 18. Be4 g6 19. Bxc6 Qd2 20. Re2 Qd1+ 21.
Kh2 Rd2 22. Rxd2 Qxd2 23. c3 Qxa2 24. Qe3 a5 25. Ra7 Qb1 26. Be4 Qb8 27. Qxc5
Rc8 28. Qxa5 Qb2 29. Kg3 Qd2 30. Ra8 g5 31. Rxc8+ Bxc8 32. Kh2 Qf4+ 33. g3 Qxf2+
34. Bg2 Kg7 35. e6 Bxe6 36. Qxg5+ Kf8 37. Qe5 Kg8 38. h4 Qd2 39. Qf6 h6 40. Qe5
Kf8 41. Kg1 Qc1+ 42. Kf2 Qd2+ 43. Kf1 Qd1+ 44. Qe1 Qd3+ 45. Kf2 Qc2+ 46. Kg1 Qd3
47. Qe5 Qd1+ 48. Bf1 Bh3 49. Qc5+ Kg8 50. Qxc4 Bxf1 51. Qxf1 Qd2 52. Qf3 Qc2 53.
Qe3 Kg7 54. Qd4+ f6 55. c4 h5 56. c5 Kg6 57. Qf2 Qe4 58. Kh2 Qc4 59. Qe3 Qc2+
60. Kg1 Kf7 61. Kf1 Qc4+ 62. Kf2 Qc2+ 63. Ke1 Qc4 64. Kd1 Qa4+ 65. Kd2 Qa2+ 66.
Kc3 Qa3+ 67. Kd4 Qa4+ 68. Kd5 Qd7+ 69. Ke4 Qa4+ 70. Qd4 Qe8+ 71. Kd3 Qc6 72. Kc3
Kg7 73. Qd6 Qf3+ 74. Kb4 Qb7+ 75. Ka5 Qa7+ 76. Kb5 Qb7+ 77. Qb6 Qd5 78. Qc7+ Kg6
79. Qf4 Qb7+ 80. Kc4 Qa6+ 81. Kd5 Qb5 82. Qe4+ Kg7 83. Qe7+ Kg6 84. Qe6 Qb3+ 85.
Kd6 Qxg3+ 86. Kd7 Qd3+ 87. Ke8 Qb5+ 88. c6 Qa4 89. Qd5 Qa8+ 90. Kd7 Kg7 91. Qd4
Kf7 92. Qc4+ Kf8 93. c7 Qe8+ 94. Kd6 Qc8 95. Qc6 f5 96. Ke5 Ke7 97. Qd6+ Ke8 98.
Qe6+ 1-0

[Event "ChessKid Cup Div 2 W"]
[Site "chess.com INT"]
[Date "2023.05.24"]
[Round "3.3"]
[White "Nguyen, Ngoc Truong Son"]
[Black "Oparin, Grigoriy"]
[Result "1-0"]
[WhiteTitle "GM"]
[BlackTitle "GM"]
[WhiteElo "2645"]
[BlackElo "2667"]
[WhiteFideId "12401110"]
[BlackFideId "24125890"]
[EventDate "2023.05.22"]
[EventType "k.o."]

1. d4 Nf6 2. Nf3 d5 3. c4 e6 4. g3 Be7 5. Bg2 O-O 6. O-O dxc4 7. Qc2 a6 8. a4
Bd7 9. Qxc4 Bc6 10. Bg5 Nbd7 11. e3 h6 12. Bxf6 Nxf6 13. Nbd2 Bd5 14. Qc2 Bxf3
15. Bxf3 c6 16. Nc4 a5 17. h4 Bb4 18. Rfd1 Nd7 19. Kg2 Qe7 20. h5 Rfd8 21. b3
Rac8 22. Be2 Rc7 23. Rd3 Rcc8 24. Rad1 b5 25. Ne5 Nxe5 26. dxe5 Rxd3 27. Qxd3
bxa4 28. bxa4 c5 29. Qe4 Qc7 30. Bc4 Rd8 31. Rd3 Kf8 32. Rxd8+ Qxd8 33. Qh7 Qa8+
34. Kg1 Qf3 35. Qh8+ Ke7 36. Bb5 Qd1+ 37. Kg2 Qd8 38. Qxg7 Qd5+ 39. f3 Kd8 40.
Qf8+ Kc7 41. Qxf7+ Kb6 42. Qf4 Bd2 43. Bc4 Bxe3 44. Bxd5 Bxf4 45. Bxe6 Bxe5 46.
f4 Bc3 47. Kf3 Kc6 48. Ke4 Kd6 49. Kf5 Ke7 50. Bc4 Be1 51. g4 Bd2 52. g5 Kf8 53.
Kg6 Bxf4 54. Kxh6 Bd2 55. Kg6 Be3 56. h6 Bd2 57. Kh5 Be3 58. g6 Bd4 1-0

[Event "ChessKid Cup Div 2 W"]
[Site "chess.com INT"]
[Date "2023.05.24"]
[Round "3.4"]
[White "Oparin, Grigoriy"]
[Black "Nguyen, Ngoc Truong Son"]
[Result "1/2-1/2"]
[WhiteTitle "GM"]
[BlackTitle "GM"]
[WhiteElo "2667"]
[BlackElo "2645"]
[WhiteFideId "24125890"]
[BlackFideId "12401110"]
[EventDate "2023.05.22"]
[EventType "k.o."]

1. d4 Nf6 2. c4 e6 3. Nf3 d5 4. g3 Bb4+ 5. Nbd2 O-O 6. Bg2 b6 7. O-O Bb7 8. Ne5
Bd6 9. cxd5 Bxe5 10. dxe5 Nxd5 11. Qa4 Nd7 12. Nf3 Nc5 13. Qg4 f5 14. exf6 Qxf6
15. Rb1 Qf5 16. Qxf5 exf5 17. Nd4 a5 18. Rd1 Rad8 19. Bg5 Rd7 20. Rbc1 h6 21.
Bd2 Ne7 22. Bxb7 Rxd4 23. Bf3 Rfd8 24. Rc2 Ne4 25. Bxe4 fxe4 26. Kf1 c5 27. Ke1
Nc6 28. Rdc1 Kf7 29. a3 h5 30. Be3 R4d5 31. Rc4 Re8 32. h3 Kf6 33. Bd2 Kf5 34.
b4 axb4 35. axb4 Ne5 36. R4c3 c4 37. b5 Rxb5 38. Bf4 Rc8 39. Bxe5 Kxe5 40. Rxc4
Rbc5 41. Rxc5+ bxc5 42. Kd2 Kd4 43. Ra1 Rf8 44. Ra4+ c4 45. e3+ Kc5 46. Kc3 Rxf2
47. Ra5+ Kd6 48. Rxh5 Rf3 49. Rg5 Rxe3+ 50. Kxc4 Rd3 51. Rxg7 Ke5 52. Rg5+ Kf6
53. h4 Rd1 54. Rg8 Kf7 55. Rg4 Rd3 56. h5 Kf6 57. h6 Rd1 58. Rh4 Rd8 59. Rxe4
Kg6 60. Re6+ Kg5 61. h7 Rh8 62. Re7 Kg6 63. Kd4 Kf6 64. Ra7 Re8 65. Ra1 Kg7 66.
Rh1 Kh8 67. g4 Re7 68. Kd5 Rg7 69. Rg1 Kxh7 70. Ke5 Kg6 71. Kf4 Rf7+ 72. Kg3 Rb7
73. Ra1 Rb6 74. Ra8 Rc6 75. Kh4 Kg7 76. Ra5 Kg6 77. Rg5+ Kh6 78. Rd5 Kg6 79. Rd8
Rb6 80. Rg8+ Kh7 81. Rg5 Kh6 82. Rh5+ Kg6 83. Rg5+ Kh6 84. Rh5+ Kg6 85. Rg5+ Kh6 1/2-1/2

[Event "ChessKid Cup Div 2 W"]
[Site "chess.com INT"]
[Date "2023.05.24"]
[Round "3.1"]
[White "Fedoseev, Vladimir3"]
[Black "Sadhwani, Raunak"]
[Result "1-0"]
[WhiteTitle "GM"]
[BlackTitle "GM"]
[WhiteElo "2680"]
[BlackElo "2627"]
[WhiteFideId "24130737"]
[BlackFideId "35093487"]
[EventDate "2023.05.22"]
[EventType "k.o."]

1. e4 e5 2. Nf3 Nc6 3. Bb5 a6 4. Ba4 Nf6 5. O-O Be7 6. d3 b5 7. Bb3 d6 8. c3 O-O
9. h3 Na5 10. Bc2 c5 11. Be3 Nc6 12. Nbd2 d5 13. Bg5 d4 14. cxd4 cxd4 15. Bb3
Qd6 16. Rc1 Bd7 17. Nh4 g6 18. f4 Nh5 19. Nf5 Bxf5 20. exf5 Ng3 21. Rxc6 Qxc6
22. Bxe7 Nxf1 23. Qxf1 Rfe8 24. f6 Qc7 25. Ne4 Rxe7 26. fxe7 Qxe7 27. fxe5 Kg7
28. Qf4 Rd8 29. Ng5 1-0

[Event "ChessKid Cup Div 2 W"]
[Site "chess.com INT"]
[Date "2023.05.24"]
[Round "3.2"]
[White "Sadhwani, Raunak"]
[Black "Fedoseev, Vladimir3"]
[Result "0-1"]
[WhiteTitle "GM"]
[BlackTitle "GM"]
[WhiteElo "2627"]
[BlackElo "2680"]
[WhiteFideId "35093487"]
[BlackFideId "24130737"]
[EventDate "2023.05.22"]
[EventType "k.o."]

1. d4 d5 2. c4 c6 3. Nf3 Nf6 4. e3 Bf5 5. Nc3 e6 6. Nh4 Bg6 7. Qb3 Qc7 8. Nxg6
hxg6 9. Bd2 Nbd7 10. Rc1 Nb6 11. g3 Nxc4 12. Bxc4 dxc4 13. Qxc4 Be7 14. O-O Qd7
15. Qe2 e5 16. h4 Qh3 17. Qf3 exd4 18. exd4 Rxh4 19. Rfe1 Qh2+ 20. Kf1 Qh1+ 21.
Qxh1 Rxh1+ 22. Kg2 Rxe1 23. Rxe1 Kd7 24. Bg5 Bb4 25. Bxf6 gxf6 26. Kf3 Rh8 27.
Rd1 Bxc3 28. bxc3 Rh5 29. Rb1 b6 30. a4 Kd6 31. Ke3 Ra5 32. Rb4 c5 33. dxc5+
Rxc5 34. Kd3 Rd5+ 35. Kc2 Rf5 36. Rd4+ Kc6 37. Rc4+ Kb7 38. f4 Rd5 39. Re4 Kc6
40. Re7 Rd7 41. Re4 f5 42. Re3 a5 43. Kb3 Rd6 44. Re7 Rd3 45. Rxf7 Kd5 46. Rf6
Rxg3 47. Rxb6 Ke4 48. Ra6 Kxf4 49. Rxa5 g5 50. Ra8 g4 51. a5 Rg1 52. a6 Ra1 53.
a7 g3 54. c4 Rb1+ 55. Kc2 Rb7 0-1

[Event "ChessKid Cup Div 2 W"]
[Site "chess.com INT"]
[Date "2023.05.24"]
[Round "3.3"]
[White "Fedoseev, Vladimir3"]
[Black "Sadhwani, Raunak"]
[Result "1/2-1/2"]
[WhiteTitle "GM"]
[BlackTitle "GM"]
[WhiteElo "2680"]
[BlackElo "2627"]
[WhiteFideId "24130737"]
[BlackFideId "35093487"]
[EventDate "2023.05.22"]
[EventType "k.o."]

1. e4 c5 2. Nf3 e6 3. c3 Nf6 4. e5 Nd5 5. d4 cxd4 6. cxd4 d6 7. Bc4 Be7 8. O-O
O-O 9. Qe2 b6 10. Rd1 Bb7 11. Bxd5 exd5 12. Nc3 Na6 13. Bf4 Nc7 14. Rac1 Ne6 15.
exd6 Bxd6 16. Bxd6 Qxd6 17. Qe5 Qd7 18. Ng5 Rfe8 19. Qf5 g6 20. Qh3 h5 21. Re1 1/2-1/2

[Event "ChessKid Cup Div 2 W"]
[Site "chess.com INT"]
[Date "2023.05.25"]
[Round "4.1"]
[White "Nguyen, Ngoc Truong Son"]
[Black "Fedoseev, Vladimir3"]
[Result "0-1"]
[WhiteTitle "GM"]
[BlackTitle "GM"]
[WhiteElo "2645"]
[BlackElo "2680"]
[WhiteFideId "12401110"]
[BlackFideId "24130737"]
[EventDate "2023.05.22"]
[EventType "k.o."]

1. d4 d5 2. Nf3 Nf6 3. g3 c6 4. Bg2 Bf5 5. O-O e6 6. c4 Be7 7. Qb3 Qb6 8. Nc3
O-O 9. Re1 Qxb3 10. axb3 Bc2 11. Nd2 Na6 12. Ncb1 Nb4 13. Na3 Rfd8 14. e3 h6 15.
Bf1 c5 16. cxd5 Nfxd5 17. dxc5 Bxc5 18. Re2 Bd3 19. Re1 a6 20. Ndc4 b5 21. Ne5
Bxf1 22. Kxf1 Bd6 23. Nf3 Nd3 24. Rd1 Nc5 25. Nd4 Rac8 26. Bd2 e5 27. b4 Nd3 28.
Nf5 Bf8 29. e4 Nf6 30. Bc3 Nxe4 31. f3 Nxc3 32. bxc3 Rxc3 33. Ne3 Bxb4 34. Nac2
Bc5 35. Rxa6 b4 36. Rc6 b3 37. Ne1 b2 38. Nf5 Rc1 0-1

[Event "ChessKid Cup Div 2 W"]
[Site "chess.com INT"]
[Date "2023.05.25"]
[Round "4.2"]
[White "Fedoseev, Vladimir3"]
[Black "Nguyen, Ngoc Truong Son"]
[Result "1-0"]
[WhiteTitle "GM"]
[BlackTitle "GM"]
[WhiteElo "2680"]
[BlackElo "2645"]
[WhiteFideId "24130737"]
[BlackFideId "12401110"]
[EventDate "2023.05.22"]
[EventType "k.o."]

1. d4 Nf6 2. c4 e6 3. Nf3 d5 4. cxd5 exd5 5. Nc3 c6 6. Bf4 Bd6 7. Bxd6 Qxd6 8.
e3 Bf5 9. Qb3 Nbd7 10. Be2 O-O 11. Qxb7 a5 12. Qb3 Rfb8 13. Qa3 Qxa3 14. bxa3
Ne4 15. Nd1 Rb6 16. O-O Rc8 17. Rc1 c5 18. dxc5 Rxc5 19. Rxc5 Ndxc5 20. Nd4 Bd7
21. f3 Nd2 22. Re1 Nb1 23. Nf2 Nxa3 24. Nd3 Ne6 25. Nxe6 fxe6 26. Rc1 Rc6 27.
Nc5 Be8 28. Kf2 Kf7 29. Bd3 h6 30. e4 Nc4 31. Nb7 Ne5 32. Nd8+ Kf6 33. Rxc6 Nxc6
34. Nb7 Nb4 35. Bb1 dxe4 36. a3 Nd5 37. Bxe4 a4 38. Bxd5 exd5 39. Ke3 g5 40. Kd4
Bc6 41. Nc5 h5 42. g3 h4 43. Nd3 Ke6 44. Kc5 Bb7 45. Kd4 Bc6 46. Ne5 Bb5 47.
gxh4 gxh4 48. Ng6 h3 49. Nf4+ Kf5 50. Nxh3 Bc4 51. Ke3 Ke5 52. f4+ Kf5 53. Ng1
Kg4 54. Nf3 Ba2 55. Nd4 Bb1 56. f5 Kg5 57. h4+ Kxh4 58. Kf4 Kh5 59. Ke5 Kh6 60.
Ke6 Kg7 61. Ke7 Kg8 62. f6 Bg6 63. Ne6 Bh5 64. Nf4 Bf7 65. Ne2 Bh5 66. Ng3 Bg6
67. Nf5 Bh5 68. f7+ Bxf7 69. Nh6+ Kg7 70. Nxf7 Kg6 71. Ke6 d4 72. Ne5+ Kg5 73.
Kd5 1-0

[Event "ChessKid Cup Div 2 W"]
[Site "chess.com INT"]
[Date "2023.05.25"]
[Round "4.3"]
[White "Nguyen, Ngoc Truong Son"]
[Black "Fedoseev, Vladimir3"]
[Result "1-0"]
[WhiteTitle "GM"]
[BlackTitle "GM"]
[WhiteElo "2645"]
[BlackElo "2680"]
[WhiteFideId "12401110"]
[BlackFideId "24130737"]
[EventDate "2023.05.22"]
[EventType "k.o."]

1. d4 d5 2. Nf3 Nf6 3. c4 c6 4. Nc3 dxc4 5. a4 Bf5 6. Ne5 Nbd7 7. Nxc4 Nb6 8.
Ne5 a5 9. e3 Nfd7 10. Bd3 g6 11. Bxf5 gxf5 12. Nd3 e6 13. g4 Qg5 14. h3 O-O-O
15. Bd2 Nc4 16. Qe2 e5 17. d5 e4 18. Nf4 Nde5 19. O-O-O Qf6 20. Kb1 Bh6 21. Bc1
Bxf4 22. exf4 Nd3 23. Rxd3 exd3 24. Qxd3 cxd5 25. Nxd5 Qa6 26. Qxc4+ 1-0

[Event "ChessKid Cup Div 2 W"]
[Site "chess.com INT"]
[Date "2023.05.25"]
[Round "4.4"]
[White "Fedoseev, Vladimir3"]
[Black "Nguyen, Ngoc Truong Son"]
[Result "1-0"]
[WhiteTitle "GM"]
[BlackTitle "GM"]
[WhiteElo "2680"]
[BlackElo "2645"]
[WhiteFideId "24130737"]
[BlackFideId "12401110"]
[EventDate "2023.05.22"]
[EventType "k.o."]

1. d4 Nf6 2. c4 g6 3. g3 Bg7 4. Bg2 O-O 5. Nc3 d6 6. Nf3 Nbd7 7. O-O e5 8. Qc2
Re8 9. Rd1 c6 10. d5 c5 11. e4 h6 12. h3 Nh7 13. Be3 Ndf8 14. Qd2 h5 15. Rab1 f5
16. b4 b6 17. bxc5 bxc5 18. Bh6 fxe4 19. Nxe4 Bf5 20. Nh4 Qe7 21. Rb3 Rad8 22.
Rdb1 Rd7 23. Rb8 Rxb8 24. Rxb8 Rd8 25. Rb3 Qc7 26. Be3 Rb8 27. Nc3 Rxb3 28. axb3
Qb6 29. Nxf5 gxf5 30. Qc2 e4 31. g4 hxg4 32. hxg4 Qa5 33. Nb5 Qa1+ 34. Qc1 Qxc1+
35. Bxc1 Be5 36. gxf5 Nf6 37. Nxa7 N8d7 38. Nc6 Kf7 39. Kf1 Bh2 40. Ke2 1-0

[Event "ChessKid Cup Div 2 W"]
[Site "chess.com INT"]
[Date "2023.05.26"]
[Round "5.1"]
[White "Fedoseev, Vladimir3"]
[Black "Mamedyarov, Shakhriyar"]
[Result "1/2-1/2"]
[WhiteTitle "GM"]
[BlackTitle "GM"]
[WhiteElo "2680"]
[BlackElo "2738"]
[WhiteFideId "24130737"]
[BlackFideId "13401319"]
[EventDate "2023.05.22"]
[EventType "k.o."]

1. Nf3 d5 2. d4 Nf6 3. Bf4 Bf5 4. e3 e6 5. c4 Bd6 6. Bxd6 cxd6 7. cxd5 Nxd5 8.
Nbd2 Bg6 9. Bc4 Nb6 10. Bb5+ N8d7 11. Qb3 O-O 12. O-O Nf6 13. Rfc1 Ne4 14. a4
Rc8 15. a5 Rxc1+ 16. Rxc1 Nd5 17. Qa3 Ndf6 18. h3 h6 19. Nxe4 Nxe4 20. Bd3 Qb8
21. d5 exd5 22. Nd4 Rc8 23. Rd1 Qc7 24. Nb5 Qd8 25. Bxe4 Bxe4 26. Nxd6 Qg5 27.
Nxe4 dxe4 28. Qb3 Qe7 29. g3 Rc5 30. Qb4 Re5 31. Qxe7 Rxe7 32. Rd5 g6 33. g4 Kg7
34. Kg2 Kf6 35. Kg3 Re5 36. Rd7 Rb5 37. a6 bxa6 38. Rd6+ Kg7 39. Rxa6 Rxb2 40.
Rxa7 Rb4 41. h4 g5 42. h5 Rc4 43. Rd7 Rb4 44. Rd6 Ra4 45. Kg2 Rb4 1/2-1/2

[Event "ChessKid Cup Div 2 W"]
[Site "chess.com INT"]
[Date "2023.05.26"]
[Round "5.2"]
[White "Mamedyarov, Shakhriyar"]
[Black "Fedoseev, Vladimir3"]
[Result "1-0"]
[WhiteTitle "GM"]
[BlackTitle "GM"]
[WhiteElo "2738"]
[BlackElo "2680"]
[WhiteFideId "13401319"]
[BlackFideId "24130737"]
[EventDate "2023.05.22"]
[EventType "k.o."]

1. d4 d5 2. c4 e6 3. Nf3 Nf6 4. Nc3 Nbd7 5. Bf4 dxc4 6. e3 Bd6 7. Bxc4 Bxf4 8.
exf4 Nb6 9. Bb3 O-O 10. O-O Bd7 11. Ne5 Bc6 12. Nxc6 bxc6 13. g3 Qd6 14. Qf3 a5
15. a3 a4 16. Ba2 Rfb8 17. Rac1 Nbd7 18. Rc2 Qxd4 19. Qxc6 Qc5 20. Qf3 Qf5 21.
Rd2 h5 22. Rfd1 Nb6 23. Bb1 Qg4 24. Qc6 Nbd5 25. Nxd5 exd5 26. Ba2 Ne4 27. Rxd5
Qe2 28. Rf1 Nf6 29. Bc4 Qxb2 30. Rb5 Rxb5 31. Qxa8+ Rb8 32. Qxa4 h4 33. Qa5 hxg3
34. hxg3 Qb6 35. Qc3 Ra8 36. Bb3 Ne8 37. a4 Nd6 38. Re1 Qa5 39. Qxa5 Rxa5 40.
Re5 Ra7 41. Kf1 Kf8 42. Ke2 Rb7 43. Bc2 f6 44. Rc5 Ke7 45. Kd3 Ra7 46. Kc3 Kd7
47. Rh5 c6 48. Rh7 Ke6 49. g4 c5 50. Rh1 Kd5 51. Rh5+ Kc6 52. Rh3 Rb7 53. Rh7
Rb4 54. g5 Rxf4 55. g6 Rxf2 56. Rxg7 f5 57. Rg8 Rf3+ 58. Kd2 Rg3 59. g7 Kb7 60.
Ke2 Ne4 61. Bd3 Ka7 62. a5 Nc3+ 63. Kf2 f4 64. a6 Nd1+ 65. Ke1 Nc3 66. Kd2 Nd5
67. Be4 Ne7 68. Ra8+ Kb6 69. Bd3 Rxg7 70. Rb8+ Kc7 71. a7 Rg2+ 72. Be2 f3 73.
a8=Q Rxe2+ 74. Kd1 Nc6 75. Rc8+ 1-0